| 000 | 00854cam a22002653a 4500 | ||
|---|---|---|---|
| 001 | 32211 | ||
| 003 | PGUSA | ||
| 005 | 20140828083710.0 | ||
| 008 | 100502s2010||||xxu|||||s|||||000 | eng d | ||
| 040 |
_aPGUSA _beng |
||
| 042 | _adc | ||
| 050 | 4 | _aPA | |
| 050 | 4 | _aPZ | |
| 100 | 1 |
_aPapadopoulou, Arsinoe, _d1853-1943 |
|
| 245 | 1 | 0 |
_aΗ Φωτεινή - Ο μαγευμένος εργαλειός - Η καλή Νεράιδα _h[electronic resource] / _cArsinoe Papadopoulou |
| 260 |
_bProject Gutenberg, _c2010 |
||
| 506 | _aPublic domain in the USA. | ||
| 516 | _aElectronic text | ||
| 653 | _aGreek language, Modern -- Readers | ||
| 653 | _aChildren's stories, Greek (Modern) | ||
| 740 | 0 | _aThe Light - The Magic Loom - The Good Fairy | |
| 830 | 0 |
_aProject Gutenberg _v32211 |
|
| 856 | 4 | 0 | _uhttp://www.gutenberg.org/ebooks/32211 |
| 942 | _cEB | ||
| 999 |
_c261466 _d261466 |
||